| 000 | 00237 a2200097 4500 | ||
|---|---|---|---|
| 999 |
_c21901 _d21901 |
||
| 003 | NUST | ||
| 005 | 20180213072625.0 | ||
| 008 | 180213b ||||| |||| 00| 0 eng d | ||
| 040 | _c0 | ||
| 082 | _a004 AUS | ||
| 100 |
_aAustin, Brian _910000 |
||
| 245 |
_aWeb Page Design in Easy Steps _cBrian Austin |
||
| 260 |
_aNew Delhi _bDreamtech Press _c2000 |
||
| 300 | _a186p. | ||
| 500 | _aP.B | ||
| 942 |
_cBK _kIESE _2ddc |
||